| 000 | 00638nam a2200217 i 4500 | ||
|---|---|---|---|
| 001 | 45245 | ||
| 003 | ES-MaACL | ||
| 005 | 20240505063020.0 | ||
| 007 | t| | ||
| 008 | 030325s1964 sp ||||1| cat d | ||
| 100 | 1 |
_aCocteau, Jean, _d1889-1963 _939410 |
|
| 245 | 1 | 4 |
_aEls infants terrible / _cJean Cocteau ; traducció de Ramón Xuriguera. |
| 250 | _a[2ª ed.]. | ||
| 260 |
_aBarcelona : _bProa, _c1964. |
||
| 300 |
_a193 p. ; _c18 cm. |
||
| 490 | 1 |
_aA tot vent ; _v101 |
|
| 700 | 1 |
_aXuriguera, Ramón. _9117526 |
|
| 830 | 0 |
_aA tot vent ; _v101 _9180884 |
|
| 852 |
_aES-MaACL _jC-24731 _bR.53931 |
||
| 999 |
_c45245 _d45245 |
||